Films avec Natalie Portman - Mort subite - Statistiques

Statistiques générales
  • Ce quiz a été pris 306 fois
  • Le résultat moyen est 7 sur 20
Answers on the Grid
Answers color-coded by a green-red scale on the quiz's grid according to % correct below.
Léon
Heat
Mars Attacks!
Thor
Star Wars, épisode I : La Menace fantôme
Zoolander
Star Wars, épisode II : L'Attaque des clones
Star Wars, épisode III : La Revanche des Sith
V pour Vendetta
Black Swan
Thor : Le Monde des ténèbres
Avengers: Endgame
Thor: Love and Thunder
Annihilation
May December
Brothers
Jackie
Sex Friends
Closer, entre adultes consentants
Deux Sœurs pour un roi
Avengers: Infinity War
Thor : Ragnarok
Le Grand Bleu
Taxi 5
Anatomie d'une chute
Minority Report
Le Cerveau
Minuit à Paris
Star Wars, épisode VII : Le Réveil de la Force
Rogue One: A Star Wars Story
Good Bye, Lenin!
La Tresse
Lucy
La Nuit au musée
Casino Royale
La Môme
 
Statistiques - réponses
Réponse % Correct
Léon
67%
Black Swan
63%
Star Wars, épisode II : L'Attaque des clones
63%
Star Wars, épisode III : La Revanche des Sith
62%
Star Wars, épisode I : La Menace fantôme
60%
V pour Vendetta
51%
Thor
47%
Thor: Love and Thunder
43%
Thor : Le Monde des ténèbres
40%
Jackie
30%
Sex Friends
30%
Deux Sœurs pour un roi
26%
Brothers
23%
Closer, entre adultes consentants
22%
Annihilation
19%
Heat
18%
May December
16%
Avengers: Endgame
15%
Mars Attacks!
14%
Zoolander
5%
Aucun quiz correspondant
Distribution des résultats
% des personnes avec chaque résultat
Percentile par nombre de réponses
Votre historique - résultats
Vous n’avez pas pris ce quiz